000 00487cam a22002051 4500
001 sa 68003898
003 DLC
005 20260227112457.0
008 910620s1966 ii 000 0 orio
010 _asa 68003898
035 _a(OCoLC)23963350
040 _aDLC
_cWaU
_dDLC
050 0 0 _aGR550
_b.S2
100 1 _aSamal, Dhaneswar,
_d1932-
245 1 0 _aRūpakāhāṇī.
260 _c[1966]
300 _a108 p.
_c22 cm.
500 _aIn Oriya.
650 0 _aFairy tales
_zIndia.
999 _c79827
_d79827